| 000 | 00865nam a22001695i 4500 | ||
|---|---|---|---|
| 001 | 165213 | ||
| 003 | ES-MaACL | ||
| 005 | 20230906213104.0 | ||
| 008 | 020307s1869 sp |||| | spa d | ||
| 040 |
_aCAM _bspa _cCAM |
||
| 100 | 1 |
_aSequeiros y Hernández de Medina, Camilo. _9132654 |
|
| 245 | 1 | 0 |
_aCumplimientos entre soldados... _b: proverbio bufo en un acto, tomado del francés / _cpor Camilo Sequeiros y Hernández de Medina. |
| 260 |
_aMadrid : _b[s.n.], _c1869 ( _fImprenta de la Viuda é Hijos de Francisco Abienzo) |
||
| 300 |
_a17 p. ; _c19 cm. |
||
| 500 | 1 | _aEn port.: Estrenado en el Teatro de Verano (Circo de Paul) en la noche del Sábado 26 de junio de 1869. | |
| 852 |
_aES-MaACL _jF-8558(7) _z-- Enc. pasta española _z-- Ex-libris ms. de Gustavo Saenz Diez _z-- Enc. en un vol. facticio ormando parte de la col. "Teatro español moderno" v. 10 |
||
| 999 |
_c165213 _d165213 |
||